000 00582nam a22001817a 4500
005 20251108164835.0
008 250721s1992 xx 000 0 ara d
082 1 4 _a810.9061
100 1 _aالخفاجي، محمد عبد المنعم
245 1 0 _aالآداب العربية في العصر العباسي الأول /
264 1 _aبيروت :
_bدار الجيل للنشر،
_c1992.
300 _a382ص
650 1 7 _aالنقد الأدبي
650 1 7 _aالعصر العباسي الأول
650 1 7 _aالأدب العربي
942 _2ddc
_cBK
999 _c15635
_d15635